header

Harold Laski (Record no. 187846)

MARC details
000 -LEADER
fixed length control field 01435nam a2200361Ia 4500
100 1# - MAIN ENTRY--AUTHOR NAME
Personal name Lamb, Peter,
245 10 - TITLE STATEMENT
Title Harold Laski
250 ## - EDITION STATEMENT
Edition statement 1st ed.
260 ## - PUBLICATION, DISTRIBUTION, ETC. (IMPRINT)
Place of publication New York :
Name of publisher Palgrave Macmillan,
Year of publication 2004.
300 ## - PHYSICAL DESCRIPTION
Number of Pages x, 218 p.
490 1# - SERIES STATEMENT
Series statement Palgrave Macmillan history of international thought series
650 #0 - SUBJECT ADDED ENTRY--TOPICAL TERM
Topical Term Democracy.
Topical Term Sovereignty.
Topical Term International relations.
856 40 - ELECTRONIC LOCATION AND ACCESS
Uniform Resource Identifier http://site.ebrary.com/lib/rucke/Doc?id=10135459

No items available.

© 2026 Rongo University
Contact us: librarian | system librarian | Rongo university